[Event "Dieren op"]
[Site "Dieren"]
[Date "2003.07.29"]
[Round "7"]
[White "De Saegher, Chris"]
[Black "Spoelman, Wouter"]
[Result "0-1"]
[WhiteElo "2230"]
[BlackElo "2169"]
[PlyCount "66"]
[EventDate "2003.07.22"]
[EventType "swiss"]
[EventRounds "9"]
[EventCountry "NED"]
[SourceTitle "CBM 095 Extra"]
[Source "ChessBase"]
[SourceDate "2003.09.04"]
[SourceVersion "1"]
[SourceVersionDate "2003.09.04"]
[SourceQuality "1"]

1. d4 Nf6 2. Nf3 e6 3. c4 b6 4. g3 Ba6 5. b3 Bb4+ 6. Bd2 Be7 7. Bg2 Bb7 8. Nc3 0-0 9. 0-0 Na6 10. Qc2 d5 11. Rad1 c5 12. cxd5 Nxd5 13. dxc5 Nxc5 14. Nxd5 Bxd5 15. Bc3 Qc7 16. Qb2 f6 17. Bh3 a5 18. Nd4 a4 19. f3 axb3 20. axb3 Kh8 21. Ra1 e5 22. Nf5 Nxb3 23. Rxa8 Bc5+ 24. Kg2 Rxa8 25. Rd1 Qc6 26. Bxe5 fxe5 27. Qxe5 Bxf3+ 28. Kf1 Bxe2+ 29. Kxe2 Ra2+ 30. Kd3 Qb5+ 31. Ke4 Re2+ 32. Kf4 Rxe5 33. Rd8+ Re8 0-1

[Event "Dieren op"]
[Site "Dieren"]
[Date "2003.07.28"]
[Round "6"]
[White "Pedersen, Nicolai Vesterbaek"]
[Black "De Saegher, Chris"]
[Result "1-0"]
[WhiteElo "2528"]
[BlackElo "2230"]
[PlyCount "83"]
[EventDate "2003.07.22"]
[EventType "swiss"]
[EventRounds "9"]
[EventCountry "NED"]
[SourceTitle "CBM 095 Extra"]
[Source "ChessBase"]
[SourceDate "2003.09.04"]
[SourceVersion "1"]
[SourceVersionDate "2003.09.04"]
[SourceQuality "1"]

1. d4 Nf6 2. c4 g6 3. Nc3 Bg7 4. e4 d6 5. Be2 0-0 6. Nf3 e5 7. 0-0 Nbd7 8. Re1 c6 9. d5 Nc5 10. Bg5 a5 11. Nd2 Qe7 12. b3 h6 13. Bh4 h5 14. Bg5 Kh7 15. a3 Bh6 16. Bxh6 Kxh6 17. b4 axb4 18. axb4 Rxa1 19. Qxa1 Na6 20. Qb2 c5 21. bxc5 Nxc5 22. Qb6 Nfd7 23. Qc7 Na6 24. Qa5 Ndc5 25. Qb6 Qd8 26. Rb1 Kg7 27. Qb2 Qf6 28. Ra1 Qd8 29. Ra3 Re8 30. Nb5 f5 31. exf5 Bxf5 32. Rg3 h4 33. Re3 Qf6 34. f4 Nd7 35. Qc3 Nac5 36. Nf3 e4 37. Qxf6+ Kxf6 38. Nxh4 Ke7 39. g4 Rh8 40. Ng2 Ra8 41. gxf5 gxf5 42. Nh4 1-0